Galaxies (Record no. 189862)

MARC details
000 -LEADER
fixed length control field 00650nam a22002297a 4500
005 - DATE AND TIME OF LATEST TRANSACTION
control field 20220713165440.0
010 ## - LCCN (DPL NO)
LC control number B-021019
020 ## - INTERNATIONAL STANDARD BOOK NUMBER
International Standard Book Number 9788171816842
035 ## - SYSTEM CONTROL NUMBER
System control number B-021019
037 ## - SOURCE OF ACQUISITION
Stock number dpl
082 ## - DEWEY DECIMAL CLASSIFICATION NUMBER
Classification number 523.112
100 ## - MAIN ENTRY--PERSONAL NAME
Personal name CHILD BOOK
245 ## - TITLE STATEMENT
Title Galaxies
260 ## - PUBLICATION, DISTRIBUTION, ETC. (IMPRINT)
Place of publication, distribution, etc New Delhi
270 ## - ADDRESS
City New Delhi
300 ## - PHYSICAL DESCRIPTION
Extent 30p.
Other physical details ill (col)
Dimensions 29 cm (Hb)
490 ## - SERIES STATEMENT
Series statement Science in our environment
500 ## - GENERAL NOTE
General note age 7-11 group
700 ## - ADDED ENTRY--PERSONAL NAME
Personal name Jauhry, Anupama
9 (RLIN) 39785
942 ## - ADDED ENTRY ELEMENTS (KOHA)
Source of classification or shelving scheme Dewey Decimal Classification
Item type Children Books
Call number suffix KUM
Classification part 523.112
Holdings
Withdrawn status Lost status Not for loan Home library Current library Date acquired Full call number Barcode Koha item type
      Sarojini Nagar Sarojini Nagar 13/07/2022 523.112 KUM B-021019 Children Books

© Delhi Public Library
Hit Counter
free hit counter